|
|
|
|
| LEADER |
00000naa0a2200000 4500 |
| 001 |
642783 |
| 005 |
20250604142238.0 |
| 035 |
|
|
|a (RuTPU)RU\TPU\network\7743
|
| 035 |
|
|
|a RU\TPU\network\7742
|
| 090 |
|
|
|a 642783
|
| 100 |
|
|
|a 20150716d2012 k y0rusy50 ca
|
| 101 |
0 |
|
|a rus
|
| 102 |
|
|
|a RU
|
| 135 |
|
|
|a drcn ---uucaa
|
| 181 |
|
0 |
|a i
|
| 182 |
|
0 |
|a b
|
| 200 |
1 |
|
|a Решение задач построения активно-адаптивных сетей на базе всережимного моделирующего комплекса реального времени
|f Ю. С. Боровиков, А. В. Прохоров, М. В. Андреев
|
| 203 |
|
|
|a Текст
|c электронный
|
| 300 |
|
|
|a Заглавие с экрана
|
| 320 |
|
|
|a [Библиогр.: с. 469 (5 назв.)]
|
| 461 |
|
|
|t Энергетика глазами молодежи
|o материалы докладов 3 Международной научно-технической конференции, Екатеринбург, 22-26 октября 2012 г.
|d 2012
|
| 463 |
|
|
|t Т. 1
|v [С. 463-469]
|d 2012
|
| 610 |
1 |
|
|a электронный ресурс
|
| 610 |
1 |
|
|a труды учёных ТПУ
|
| 610 |
1 |
|
|a гибридные процессоры
|
| 610 |
1 |
|
|a моделирование
|
| 700 |
|
1 |
|a Боровиков
|b Ю. С.
|c специалист в области электроэнергетики
|c проректор-директор Энергетического института Томского политехнического университета, кандидат технических наук
|f 1978-
|g Юрий Сергеевич
|3 (RuTPU)RU\TPU\pers\27067
|
| 701 |
|
1 |
|a Прохоров
|b А. В.
|c специалист в области электроэнергетики
|c исполняющий обязанности руководителя, доцент, заместитель директора по учебной работе Томского политехнического университета, кандидат технических наук
|f 1985-
|g Антон Викторович
|3 (RuTPU)RU\TPU\pers\27721
|9 12795
|
| 701 |
|
1 |
|a Андреев
|b М. В.
|c специалист в области электроэнергетики
|c ассистент Томского политехнического университета, техник
|f 1987-
|g Михаил Владимирович
|3 (RuTPU)RU\TPU\pers\28036
|
| 712 |
0 |
2 |
|a Национальный исследовательский Томский политехнический университет (ТПУ)
|b Энергетический институт (ЭНИН)
|3 (RuTPU)RU\TPU\col\16913
|
| 801 |
|
2 |
|a RU
|b 63413507
|c 20150716
|g RCR
|
| 850 |
|
|
|a 63413507
|
| 856 |
4 |
|
|u http://aes-upi.ru/media/cms_page_media/23/conf2012.pdf#page=463
|
| 942 |
|
|
|c CF
|